000 00499nam a22001817a 4500
008 240326b |||||||| |||| 00| 0 eng d
020 _a0-205-13854-3
050 _aHD 31 .M66 1993
100 _aMONDY,WAYNE R.
245 _aMANAGEMENT
_bCONCEPTS,PRACTICES,AND SKILLS
250 _a6TH.ED.
260 _aBOSTON
_bALLYN AND BACON
300 _aXXI,673P.
500 _aINCLUDES BIBLIOGRAPHICAL REFERENCES AND INDEX
650 _aManagement.
700 _aPREMEAUX,SHANE R.
942 _2lcc
_cBK
999 _c209611
_d209611